Die ungarische Arbeitskraft auf dem österreichischen Tourismus-und Gastronomiemarkt in der Region Tirol.
| Szerző: | |
|---|---|
| További közreműködők: | |
| Dokumentumtípus: | Diplomadolgozat |
| Kulcsszavak: | Die ungarische Mitarbeiter Tourismus und Gastronomie Tirol |
| Online Access: | http://dolgozattar.uni-bge.hu/20157 |
MARC
| LEADER | 00000nta a2200000 i 4500 | ||
|---|---|---|---|
| 001 | dolg20157 | ||
| 005 | 20190906130617.0 | ||
| 008 | 190502suuuu hu om 000 ger d | ||
| 040 | |a BGE Dolgozattár Repozitórium |b hun | ||
| 041 | |a de | ||
| 100 | 1 | |a M. Nagy János | |
| 245 | 1 | 4 | |a Die ungarische Arbeitskraft auf dem österreichischen Tourismus-und Gastronomiemarkt in der Region Tirol. |c M. Nagy János |h [elektronikus dokumentum] |
| 246 | 1 | 1 | |a A magyar munkaerő az osztrák turizmus és gasztronómia piacon Tirolban. |
| 246 | 1 | 1 | |a The Hungarian worker on the Austrian tourism and gastronomy market in the Tyrol region |
| 695 | |a Die ungarische Mitarbeiter | ||
| 695 | |a Tourismus und Gastronomie | ||
| 695 | |a Tirol | ||
| 700 | 1 | |a Szőke Dr. Andrea |e ths | |
| 856 | 4 | 0 | |u http://dolgozattar.uni-bge.hu/20157/1/Diplomarbeit.pdf |z Dokumentum-elérés |